书目信息 |
| 题名: |
择“基”有道
|
|
| 作者: | 阮文华 著 | |
| 分册: | ||
| 出版信息: | 北京 中国经济出版社 2008 |
|
| 页数: | 280页 | |
| 开本: | 24cm | |
| 丛书名: | ||
| 单 册: | ||
| 中图分类: | F830.59 | |
| 科图分类: | ||
| 主题词: | 基金--投资--基本知识 , 基金 , 投资 | |
| 电子资源: | ||
| ISBN: | 978-7-5017-8429-5 | |
| 000 | 00942nam0 2200277 45 | |
| 001 | 1050982812 | |
| 005 | 20100415170802.25 | |
| 010 | @a978-7-5017-8429-5@dCNY32.00 | |
| 100 | @a20100409d2008 ekmy0chiy0120 ea | |
| 101 | 0 | @achi |
| 102 | @aCN@b110000 | |
| 105 | @ay z 000yy | |
| 106 | @ar | |
| 200 | 1 | @a择“基”有道@AZe“ Ji” You Dao@e基金投资误区面面观@EJi Jin Tou Zi Wu Qu Mian Mian Guan@f阮文华著@FRuan Wen Hua Zhu |
| 210 | @a北京@c中国经济出版社@d2008 | |
| 215 | @a280页@d24cm | |
| 300 | @a中经理财 | |
| 330 | @a本书从基金投资者的第三方做出客观的评价,在遵循基金投资规律基础上做出的投资结论,并以各种真实的基金成长经历进行投资知识的讲解。 | |
| 517 | 1 | @a基金投资误区面面观@AJi Jin Tou Zi Wu Qu Mian Mian Guan |
| 606 | 0 | @a基金@x投资@x基本知识 |
| 606 | 0 | @a基金 |
| 606 | 0 | @a投资 |
| 690 | @aF830.59@v4 | |
| 701 | 0 | @a阮文华@ARuan Wen Hua@4著 |
| 801 | 0 | @aCN@bTANGWEI@c20100415 |
| 905 | @b0592344-48@dF830.59@e177@f5 | |
| 择“基”有道:基金投资误区面面观/阮文华著.-北京:中国经济出版社,2008 |
| 280页;24cm |
| 中经理财 |
| ISBN 978-7-5017-8429-5:CNY32.00 |
| 本书从基金投资者的第三方做出客观的评价,在遵循基金投资规律基础上做出的投资结论,并以各种真实的基金成长经历进行投资知识的讲解。 |
| ● |
| 相关链接 |
|
|
|
|
正题名:择"基"有道
索取号:F830.59/177
 
预约/预借
| 序号 | 登录号 | 条形码 | 馆藏地/架位号 | 状态 | 备注 |
| 1 | 0592344 | 205923447 | 第一样本阅览室/ [索取号:F830.59/177] | 在馆 | |
| 2 | 0592345 | 205923456 | 第一借阅区/ [索取号:F830.59/177] | 在馆 | |
| 3 | 0592346 | 205923465 | 第一借阅区/ [索取号:F830.59/177] | 在馆 | |
| 4 | 0592347 | 205923474 | 第一借阅区/ [索取号:F830.59/177] | 在馆 | |
| 5 | 0592348 | 205923483 | 第一借阅区/ [索取号:F830.59/177] | 在馆 |